Tuyển văn tác giả nữ Việt Nam
Đã lưu trong:
| Formáid: | Leabhar |
|---|---|
| Teanga: | Undetermined |
| Foilsithe: |
H.
Phụ Nữ
2001
|
| Ábhair: | |
| Clibeanna: |
Cuir Clib Leis
Gan Chlibeanna, Bí ar an gcéad duine leis an taifead seo a chlibeáil!
|
| Thư viện lưu trữ: | Trung tâm Học liệu Trường Đại học Cần Thơ |
|---|
| LEADER | 00426nam a2200157Ia 4500 | ||
|---|---|---|---|
| 001 | CTU_52041 | ||
| 008 | 210402s9999 xx 000 0 und d | ||
| 020 | |b 72000 | ||
| 082 | |a 895.9223008 | ||
| 082 | |b T527 | ||
| 245 | 0 | |a Tuyển văn tác giả nữ Việt Nam | |
| 260 | |a H. | ||
| 260 | |b Phụ Nữ | ||
| 260 | |c 2001 | ||
| 650 | |a vietnamese literature | ||
| 980 | |a Trung tâm Học liệu Trường Đại học Cần Thơ | ||